00461nam a22001697a 450000500170000000800410001702000270005804000090008504100120009408200130010610000160011924500800013525000080021526000270022330000170025065000240026720260513120552.0260513b |||||||| |||| 00| 0 eng d a9788177585414c1260.00 aMAIN aEnglish a547bFIN aFinar,I. L. aOrganic Chemistry b: Stereochemistry And The Chemistry Of Natural Products a5th aNoida bPearson c2025 a956bVol.2nd aChemistry (PM USHA)